00453nam a22001457a 450000500170000000800410001702000150005804100130007308200120008610000130009824500800011126000600019130000310025165000250028220231123064713.0231123b |||||||| |||| 00| 0 eng d a0934143730 aEnglish  a342 LAW lEnglish  aAfrican Exodus : bRefuge Crisis, Human Rights and the 1969 OAU Convention  aNew York : bLawyers Committee for Human Rights, c1995 biv, 266 pages ; c23,5 cm. aLegal practice bLaw